Effect of blending on the dispersion and flow behaviour of carbon black filled NBR and chlorosulphonated polyethylene rubber (Record no. 57714)

MARC details
000 -LEADER
fixed length control field 00569nam a2200193Ia 4500
100 ## - MAIN ENTRY--AUTHOR NAME
Personal name Tripathy A R
245 #0 - TITLE STATEMENT
Title Effect of blending on the dispersion and flow behaviour of carbon black filled NBR and chlorosulphonated polyethylene rubber
260 ## - PUBLICATION, DISTRIBUTION, ETC. (IMPRINT)
Name of publisher Kautschuk Gummi Kunststoffe
Year of publication 1995
300 ## - PHYSICAL DESCRIPTION
Number of Pages 788-792
650 ## - SUBJECT ADDED ENTRY--TOPICAL TERM
Topical Term Blends
650 ## - SUBJECT ADDED ENTRY--TOPICAL TERM
Topical Term Carbon black distribution
650 ## - SUBJECT ADDED ENTRY--TOPICAL TERM
Topical Term Hypalon
650 ## - SUBJECT ADDED ENTRY--TOPICAL TERM
Topical Term Interchain crosslinking
650 ## - SUBJECT ADDED ENTRY--TOPICAL TERM
Topical Term NBR
650 ## - SUBJECT ADDED ENTRY--TOPICAL TERM
Topical Term Rheology
700 ## - ADDED ENTRY--PERSONAL NAME
Personal name Das C K
942 ## - ADDED ENTRY ELEMENTS (KOHA)
Koha item type Journals
Holdings
Withdrawn status Lost status Damaged status Not for loan Home library Current library Shelving location Date acquired Serial Enumeration / chronology Koha item type
      Journals RRII Library RRII Library Rubber chemistry 17/12/2021 Volume 48, Issue 11 Journals